|
|
|
|
| LEADER |
00000nam0a2200000 4500 |
| 001 |
316694 |
| 005 |
20231102002911.0 |
| 020 |
|
|
|a RU
|b 82-66621
|
| 035 |
|
|
|a (RuTPU)RU\TPU\book\342162
|
| 090 |
|
|
|a 316694
|
| 100 |
|
|
|a 20160328d1981 k y0rusy5003 ca
|
| 101 |
0 |
|
|a rus
|
| 102 |
|
|
|a BY
|
| 105 |
|
|
|a a z 001zy
|
| 200 |
1 |
|
|a Особенности технологии бурения скважин в осложненных условиях
|e сборник научных трудов
|f Белорусский научно-исследовательский геологоразведочный институт ; под ред. Г. С. Евтушенко
|
| 210 |
|
|
|a Минск
|c Изд-во БелНИГРИ
|d 1981
|
| 215 |
|
|
|a 144 с.
|c ил.
|
| 320 |
|
|
|a Библиогр. в конце ст.
|
| 606 |
1 |
|
|a Бурение
|x Осложнения
|2 stltpush
|3 (RuTPU)RU\TPU\subj\30242
|9 53374
|
| 610 |
1 |
|
|a осложненные условия
|
| 610 |
1 |
|
|a технологии
|
| 610 |
1 |
|
|a искривление скважин
|
| 610 |
1 |
|
|a искривление скважин
|
| 610 |
1 |
|
|a промывочные жидкости
|
| 610 |
1 |
|
|a качество
|
| 610 |
1 |
|
|a реагенты
|
| 610 |
1 |
|
|a подбор
|
| 610 |
1 |
|
|a цементные растворы
|
| 610 |
1 |
|
|a колонковое бурение
|
| 675 |
|
|
|a 622.248.3
|z rus
|v 3
|
| 702 |
|
1 |
|a Евтушенко
|b Г. С.
|4 340
|
| 712 |
0 |
2 |
|a Белорусский научно-исследовательский геологоразведочный институт
|2 stltpush
|3 (RuTPU)RU\TPU\col\7965
|9 24442
|
| 801 |
|
0 |
|a RU
|b RuMRKP
|c 19950704
|g psbo
|
| 801 |
|
1 |
|a RU
|b 63413507
|c 20160328
|
| 801 |
|
2 |
|a RU
|b 63413507
|c 20191127
|g RCR
|
| 942 |
|
|
|c BK
|